000 00596nam a2200229Ia 4500
003 OSt
005 20221006165305.0
006 a|||||r|||| 00| 0
007 ta
008 221006b |||||||| |||| 00| 0 eng d
024 _a1,394
037 _cTextual
040 _aFML
_cFML
_beng
041 _2eng
_aeng
082 _aNR5,95, K4
100 _aLawson Joan Au.
_9679507
245 0 _aHistory of Ballet and It's Makers
260 _aLondon
_bSir Isaac Pitma
_c1964
300 _a202
_ccm.
942 _hNR5,95, K4
_cTEXL
_2CC
999 _c1120304
_d1120304